000
00248nam a2200109Ia 4500
100
_a
Mehrotra/C.L/ Auti/A.G
942
_c
BK
654
_a
Strength
245
_a
Strength Of Materials
260
_b
New Vrinda Pub.
_a
Jalgaon
_c
1990
546
_a
ENGLISH
999
_c
33270
_d
33270